000 00314nam a2200133Ia 4500
005 20260326235442.0
008 260326s9999||||xx |||||||||||||| ||und||
100 _aPrather, Marla
245 0 _aPaul Gauguin 1848 - 1903 /
_cMarla Prather
260 _bKönemann
300 _a387 p.
650 _aARTE
942 _cBK
999 _c7446
_d7446